El páramo ecosistema a proteger (Registro nro. 81)

Detalles MARC
000 -CABECERA
Campo de control 01741cam a2200313 a 4500
005 - FECHA Y HORA DE LA ULTIMA TRANSACCION
Campo de control 20170523020001.0
008 - ELEMENTOS DE LONGITUD FIJA—INFORMACION GENERAL
Campo de control 000912s1996 ck ao r 000 0 spa d
020 ## - ISBN
ISBN 9589577423
040 ## - FUENTE DE CATALOGACIÓN
Agencia catalogadora original CO-BoPUJ
Agencia transcriptora CO-BoIAVH
Agencia Modificadora CO-BoIAVH
041 0# - IDIOMA
Código de idioma para texto/pista de sonido o título separado Español
044 ## - PAÍS DE PUBLICACIÓN
País de publicación Colombia
082 04 - NUMERO DE CLASIFICACION DECIMAL DEWEY
Número de clasificación 578.7538
Número del ítem P89e
245 03 - MENCION DE TITULO
Título El páramo ecosistema a proteger
Mención de responsabilidad editor Fundación Ecosistemas Andinos
250 ## - MENCION DE EDICION
Mención de edición Primera edición
260 ## - PUBLICACION, DISTRIBUCION, ETC. (PIE DE IMPRENTA)
Lugar de publicación, distribución, etc. Bogotá :
Nombre del editor, distribuidor, etc. Fundación Ecosistemas Andinos,
Fecha de publicación, distribución, etc. c1996.
300 ## - DESCRIPCION FISICA
Extensión 233 páginas :
Otros detalles físicos ilustraciones y fotografías a color ;
Dimensiones 28 x 21 cm.
490 0# - MENCION DE SERIE
Mención de serie Serie montañas tropiandinas ;
Designación numérica/secuencial del volumen volumen 2
504 ## - NOTA DE BIBLIOGRAFIA, ETC.
Nota de bibliografía Incluye referencias bibliográficas:
505 ## - NOTA DE CONTENIDO
Nota de contenido Contenido: El hombre y el continum del paramo / Carlos Castano Uribe. -- Problematica ambiental del paramo andino / Joaquin Molano Barreto. -- Impacto del fuego y pastoreo sobre el medio ambiente paramo / Orlando Vargas Rios. -- Clima de alta montana en Colombia / Mauricio Aguilar P., J. Orlando Rangel Ch. -- Atlas palinologico de la clase magnoliopsida en el paramo de Monserrate / Raul G. Bogota, Sonia J. Lamprea Q., J. Orlando Rangel Ch. -- Estrategias de Corpochivor para la administración de los paramos / Luis Alberto Cendales Arias...[et al.]. -- Economía, política y alta montana / Juan Pablo Ruiz Soto
650 16 - ASIENTO SECUNDARIO DE MATERIA - TERMINO TEMATICO
Término temático o nombre geográfico como elemento de entrada Páramos
9 (RLIN) 71339
650 24 - ASIENTO SECUNDARIO DE MATERIA - TERMINO TEMATICO
Término temático o nombre geográfico como elemento de entrada Ecología de páramos
9 (RLIN) 71340
700 1# - ASIENTO SECUNDARIO - NOMBRE PERSONAL
Nombre personal Reyes Zambrano, Pedro
Término de relación editor
9 (RLIN) 3713
700 1# - ASIENTO SECUNDARIO - NOMBRE PERSONAL
Nombre personal Molano Barreto, Joaquin
Término de relación autor
9 (RLIN) 71329
700 1# - ASIENTO SECUNDARIO - NOMBRE PERSONAL
Nombre personal Cendales Arias, Luis Alberto
Término de relación autor
9 (RLIN) 3725
700 1# - ASIENTO SECUNDARIO - NOMBRE PERSONAL
Nombre personal Vargas Ríos, Jesús Orlando
Término de relación autor
9 (RLIN) 71330
700 1# - ASIENTO SECUNDARIO - NOMBRE PERSONAL
Nombre personal Castaño Uribe, Carlos.
Término de relación autor
9 (RLIN) 71341
710 2# - ASIENTO SECUNDARIO - NOMBRE CORPORATIVO
Nombre corporativo o de jurisdicción como elemento de entrada Fundación Ecosistemas Andinos. ECOAN
9 (RLIN) 71332
942 ## - ELEMENTOS ADICIONALES (KOHA)
Sistema de clasificación Dewey Decimal Classification
Tipo de ítem Libro
Koha issues (borrowed), all copies 1
Existencias
Withdrawn status Lost status Sistema de Clasificación Damaged status No para préstamo Colección Inventariado Ubicación Permanente Ubicación actual Fecha de adquisición Fuente de Valor Valor Total Checkouts Número topográfico Inventario / Código de Barras Date last seen Ejemplar Price effective from Forma de adquisición Tipo de material Date checked out
    Dewey Decimal Classification     General Inventariado 2017 Bogotá Bogotá 17/12/1997 Instituto 39000.00 1 LB-578.7538 P89e 004765 22/05/2017 Ej. 1 04/12/2012 Donación Libro 22/05/2017
    Dewey Decimal Classification     General Inventariado 2017 Sala Fabio Quevedo Sala Fabio Quevedo 17/12/1997 Instituto 39000.00   LB-578.7538 P89e 000098 04/12/2012 Ej. 2 04/12/2012 Donación Libro